[Event "GER-ch U25-B"]
[Site "Willingen"]
[Date "2019.06.12"]
[Round "6"]
[White "Kamleiter, Noah"]
[Black "Obciety, Sandra"]
[Result "0-1"]
[WhiteElo "1457"]
[BlackElo "1619"]
[PlyCount "52"]
[EventDate "2019.06.08"]
[EventType "swiss"]
[EventRounds "9"]
[EventCountry "GER"]
[SourceTitle "CBM 191 Extra"]
[Source "ChessBase"]
[SourceDate "2019.09.30"]
[SourceVersion "1"]
[SourceVersionDate "2019.09.30"]
[SourceQuality "1"]

1. e4 e5 2. Nf3 Nc6 3. Bb5 a6 4. Ba4 Nf6 5. d4 exd4 6. 0-0 Be7 7. e5 Nd5 8. c3 Nb6 9. cxd4 Nxa4 10. Qxa4 0-0 11. d5 Nb4 12. d6 cxd6 13. Qxb4 dxe5 14. Qe4 d6 15. Rd1 Qc7 16. Nc3 f5 17. Qd5+ Kh8 18. Bg5 Bxg5 19. Nxg5 Rf6 20. Rac1 Qe7 21. Qb3 Rf8 22. Nf3 Be6 23. Qb6 e4 24. Rxd6 exf3 25. Rxe6 Qg5 26. g3 Qxc1+ 0-1

[Event "GER-ch U25-B"]
[Site "Willingen"]
[Date "2019.06.12"]
[Round "5"]
[White "Obciety, Sandra"]
[Black "Zimmer, Luca"]
[Result "0-1"]
[WhiteElo "1619"]
[BlackElo "1676"]
[PlyCount "38"]
[EventDate "2019.06.08"]
[EventType "swiss"]
[EventRounds "9"]
[EventCountry "GER"]
[SourceTitle "CBM 191 Extra"]
[Source "ChessBase"]
[SourceDate "2019.09.30"]
[SourceVersion "1"]
[SourceVersionDate "2019.09.30"]
[SourceQuality "1"]

1. e4 e6 2. d4 d5 3. exd5 exd5 4. Nf3 Bd6 5. Bd3 Nc6 6. c3 Bg4 7. Be3 Qd7 8. Nbd2 0-0-0 9. 0-0 Nge7 10. Qc2 f6 11. h3 Bf5 12. Nb3 Bxh3 13. gxh3 Qxh3 14. Nbd2 g5 15. Rfd1 g4 16. Bf5+ Nxf5 17. Qxf5+ Kb8 18. Ne1 Ne7 19. Qxf6 Bh2+ 0-1

[Event "GER-ch U25-B"]
[Site "Willingen"]
[Date "2019.06.11"]
[Round "4"]
[White "Kublanov, Carolin"]
[Black "Obciety, Sandra"]
[Result "1-0"]
[WhiteElo "1748"]
[BlackElo "1619"]
[PlyCount "67"]
[EventDate "2019.06.08"]
[EventType "swiss"]
[EventRounds "9"]
[EventCountry "GER"]
[SourceTitle "CBM 191 Extra"]
[Source "ChessBase"]
[SourceDate "2019.09.30"]
[SourceVersion "1"]
[SourceVersionDate "2019.09.30"]
[SourceQuality "1"]

1. d4 d5 2. Nf3 Nf6 3. e3 b6 4. b3 Bb7 5. Bb2 e6 6. Ne5 Nbd7 7. Bd3 Nxe5 8. dxe5 Nd7 9. 0-0 g6 10. Nd2 Bg7 11. f4 0-0 12. Ba3 c5 13. Nf3 Qc7 14. c4 Rfe8 15. Qe2 f6 16. exf6 Nxf6 17. Bb2 Rad8 18. Rad1 Re7 19. h3 Rde8 20. Ne5 Nd7 21. Ng4 d4 22. exd4 cxd4 23. Bb1 Qc5 24. Qf2 h5 25. Nh2 e5 26. Bxg6 Rf8 27. f5 Be4 28. Qh4 Nf6 29. Bxh5 Nxh5 30. Qxh5 Ref7 31. f6 Bxf6 32. Qg4+ Rg7 33. Qxe4 Qe7 34. Ng4 1-0

[Event "Goch op 26th"]
[Site "Goch"]
[Date "2015.09.06"]
[Round "6"]
[White "Boldt, Manfred"]
[Black "Obciety, Sandra"]
[Result "1-0"]
[WhiteElo "1832"]
[BlackElo "1234"]
[PlyCount "103"]
[EventDate "2015.09.03"]
[EventType "swiss"]
[EventRounds "7"]
[EventCountry "GER"]
[SourceTitle "EXT 2018"]
[Source "ChessBase"]
[SourceDate "2017.10.13"]
[SourceVersion "1"]
[SourceVersionDate "2017.10.13"]
[SourceQuality "1"]

1. e4 e5 2. Nf3 Nc6 3. d4 exd4 4. Nxd4 Bc5 5. Be3 Qf6 6. c3 Nge7 7. Qd2 h6 8. Nb5 Bxe3 9. Qxe3 0-0 10. Nd2 Qg6 11. 0-0-0 a6 12. Nxc7 Rb8 13. Nc4 d5 14. Nxd5 Nxd5 15. exd5 Bf5 16. dxc6 Rbd8 17. Rxd8 Rxd8 18. Qg3 Qh7 19. Ne3 Bb1 20. Be2 Bxa2 21. Nc2 Bb3 22. Na3 bxc6 23. Qc7 Re8 24. Qxc6 Kf8 25. Qd6+ Re7 26. Bd3 g6 27. Re1 f5 28. Rxe7 Qxe7 29. Qxe7+ Kxe7 30. Bxa6 Kd6 31. Kd2 Kc5 32. Kd3 Bd5 33. f3 f4 34. Bc4 Bb7 35. b4+ Kb6 36. Kd4 h5 37. h4 Bxf3 38. gxf3 g5 39. hxg5 h4 40. Bf1 Kc6 41. g6 Kd7 42. g7 h3 43. Bxh3+ Ke7 44. g8Q Kf6 45. Ke4 Ke7 46. Kxf4 Kf6 47. Qe6+ Kg7 48. b5 Kh8 49. b6 Kg7 50. b7 Kh8 51. b8Q+ Kg7 52. Qbg8# 1-0

[Event "Goch op 26th"]
[Site "Goch"]
[Date "2015.09.04"]
[Round "2"]
[White "Alonso, Jose Antonio"]
[Black "Obciety, Sandra"]
[Result "1-0"]
[WhiteElo "1796"]
[BlackElo "1234"]
[PlyCount "95"]
[EventDate "2015.09.03"]
[EventType "swiss"]
[EventRounds "7"]
[EventCountry "GER"]
[SourceTitle "EXT 2018"]
[Source "ChessBase"]
[SourceDate "2017.10.13"]
[SourceVersion "1"]
[SourceVersionDate "2017.10.13"]
[SourceQuality "1"]

1. e4 e5 2. Nf3 Nc6 3. Bc4 Nf6 4. Ng5 d5 5. exd5 Nxd5 6. Nxf7 Kxf7 7. Qf3+ Qf6 8. Qxd5+ Be6 9. Qd7+ Be7 10. Bxe6+ Qxe6 11. Qxe6+ Kxe6 12. c3 Bc5 13. b4 Bb6 14. Na3 Rhf8 15. 0-0 a6 16. Nc4 Ba7 17. Ne3 h5 18. Bb2 b5 19. a4 Rad8 20. axb5 axb5 21. Rfd1 Rd3 22. Ra6 Bb6 23. Bc1 Nb8 24. Ra3 Rxf2 25. Kxf2 Bxe3+ 26. Ke2 e4 27. dxe3 Rxd1 28. Kxd1 Kd5 29. Ra7 Kc6 30. Ra8 Kb7 31. Ra2 g5 32. Rf2 h4 33. Rf5 g4 34. Rxb5+ Kc6 35. Rxb8 Kd5 36. Rg8 g3 37. hxg3 hxg3 38. Rxg3 Kc4 39. Rg7 c5 40. Rc7 Kd3 41. bxc5 Kc4 42. c6 Kc5 43. Ba3+ Kb6 44. Bd6 Kb5 45. Rc8 Kb6 46. c4 Ka7 47. Bc7 Ka6 48. Ra8# 1-0